000 00275nam a22001097a 4500
008 230704b xxu||||| |||| 00| 0 eng d
082 _a363.73946
_bFCO
245 _aTackling Population in Britain
260 _bForeign & Commonwealth Office
300 _a16p
942 _2ddc
_cBK
999 _c3854
_d3854